000 00375nam a2200145Ia 4500
008 230917s9999||||xx |||||||||||||| ||und||
040 _e75494
_aMAIN
041 _aEnglish
082 _a658 R211F
100 _aRa
245 0 _aFifty years of Indian management: an insider's view
260 _aOxford
_bOxford University Press
_c1999
300 _axi, 115 p.
942 _cBK
999 _c106178
_d106178